AU LIBRARIES
Centralized Library System Across Seven Campuses

Islamic science and the making of the european renaissance (Record no. 4666)

MARC details
000 -LEADER
fixed length control field 00652nam a2200205Ia 4500
005 - DATE AND TIME OF LATEST TRANSACTION
control field 20260511200433.0
008 - FIXED-LENGTH DATA ELEMENTS--GENERAL INFORMATION
fixed length control field 260511s9999 xx 000 0 und d
020 ## - INTERNATIONAL STANDARD BOOK NUMBER
ISBN 0262516152 (paperback) 9780262516150 (paperback)
100 ## - MAIN ENTRY--AUTHOR
Author Name Saliba, George.
245 #0 - TITLE STATEMENT
Title Islamic science and the making of the european renaissance
260 ## - PUBLICATION, DISTRIBUTION, ETC.
Name of publisher, distributor, etc. The MIT Press,
Place of Publication London
Date of publication, distribution, etc. 2007.
300 ## - PHYSICAL DESCRIPTION
Pages xi; 341 p.
490 ## - SERIES STATEMENT
Series Statement Transformations: studies in the history of science and technology.
650 ## - SUBJECT ADDED ENTRY--TOPICAL TERM
Subject / Department Computer Science
650 ## - SUBJECT ADDED ENTRY--TOPICAL TERM
Subject / Department Creative Technology
650 ## - SUBJECT ADDED ENTRY--TOPICAL TERM
Subject / Department Cybersecurity
650 ## - SUBJECT ADDED ENTRY--TOPICAL TERM
Subject / Department Games Development
650 ## - SUBJECT ADDED ENTRY--TOPICAL TERM
Subject / Department Software Engineering
942 ## - ADDED ENTRY ELEMENTS (KOHA)
Koha item type Book
Holdings
Withdrawn status Lost status Damaged status Not for loan Collection code Permanent Location Current Location Shelving Location Date acquired Source of acquisition Inventory number Full Call Number Accession No./Barcode Koha item type
          Air University Central Library Islamabad Air University Central Library Islamabad   05/08/2013 Classic Books 3368 509.17 SAL P9604 Book
Air University Sector E-9, Islamabad Pakistan
Email: librarian@au.edu.pk  Tel : +0092 51 9262612 Ext: 631